000 00247nam a2200121Ia 4500
100 _aAnshuman Kit
942 _cBK
654 _aApplication notes
245 _aApplication notes on anshuman
260 _bnone
546 _aENGLISH
999 _c30601
_d30601